000 00438nam a2200169Ia 4500
003 LK-CoDNM
008 010623t1950 xxu||||| |||| 00| 1 eng d
040 _aLK-CoDNM
_dLK-CoDNM
_eLK-CoDNM
041 _aeng
080 _a684.4 KAU
100 _aKaufmann,Edgar.
245 _aPrize designs for modern furniture
260 _bThe Museum of Modern Art
_aNewyork
_c1950
300 _b78p,ill., 26 cm
650 _aFurniture
942 _cBK
999 _c101807
_d101807